[Event "Sochi Lobanov Memorial Rapid"]
[Site "Sochi"]
[Date "2021.06.24"]
[Round "1"]
[White "Vastrukhin, Oleg"]
[Black "Mneyan, Ripsime"]
[Result "1-0"]
[WhiteElo "2401"]
[BlackElo "1665"]
[PlyCount "49"]
[EventDate "2021.06.24"]
[EventType "swiss (rapid)"]
[EventRounds "9"]
[EventCountry "RUS"]
[SourceTitle "CBM 203 Extra"]
[Source "ChessBase"]
[SourceDate "2021.09.30"]
[SourceVersion "1"]
[SourceVersionDate "2021.09.30"]
[SourceQuality "1"]

1. Nf3 d5 2. g3 Nf6 3. Bg2 g6 4. 0-0 Bg7 5. d4 0-0 6. Nbd2 c6 7. c3 Nbd7 8. Re1 c5 9. e4 dxe4 10. Nxe4 Nxe4 11. Rxe4 cxd4 12. Nxd4 e5 13. Nb3 f5 14. Re1 e4 15. f3 exf3 16. Qxf3 Ne5 17. Qd5+ Qxd5 18. Bxd5+ Kh8 19. Nc5 Rd8 20. Bg2 Rb8 21. Bf4 b6 22. Rad1 Rxd1 23. Rxd1 Bf6 24. Nd3 Nxd3 25. Rxd3 1-0